|
|
|
|
| LEADER |
00887nam a2200253 a 4500 |
| 001 |
c000372593 |
| 003 |
CARM |
| 005 |
00000000000000.0 |
| 008 |
870210s1969 sz b 00000 ger d |
| 019 |
1 |
|
|a 5228328
|5 LACONCORD2021
|
| 035 |
|
|
|a (OCoLC)177968
|5 LACONCORD2021
|
| 043 |
|
|
|a e-gx---
|
| 050 |
0 |
0 |
|a PN98.B7
|b C33
|
| 100 |
1 |
|
|a Carlsson, Anni.
|
| 245 |
1 |
4 |
|a Die deutsche Buchkritik von der Reformation bis zur Gegenwart.
|
| 260 |
|
|
|a Bern ;
|a München :
|b Francke,
|c [1969]
|
| 300 |
|
|
|a 421 p. ;
|c 24 cm.
|
| 504 |
|
|
|a Includes bibliographical references.
|
| 650 |
|
0 |
|a Criticism
|z Germany.
|
| 650 |
|
0 |
|a Book reviewing.
|
| 852 |
8 |
|
|b CARM
|h A1:AM28F0
|i C10213
|p 0437150
|f BK
|
| 082 |
0 |
4 |
|a 801.950943
|
| 999 |
f |
f |
|i 4f98469d-3849-51c7-bd77-bbfc6b1d08b1
|s 06806240-f1e4-5664-8a7f-ad3248432729
|
| 952 |
f |
f |
|p Can circulate
|a CAVAL
|b CAVAL
|c CAVAL
|d CARM 1 Store
|e C10213
|f A1:AM28F0
|h Other scheme
|i book
|m 0437150
|